Pouvez-vous résoudre ? - Statistiques

Statistiques générales
  • Ce quiz a été pris 110 fois
  • Le résultat moyen est 15 sur 15
Statistiques - réponses
Réponse % Correct
5+6 11
100%
4+3 7
98%
14-7 7
98%
50-50 0
97%
8+6 14
97%
46-32 14
97%
41-21 20
97%
7+16 23
97%
70-35 35
97%
13+25 38
97%
3+3 6
97%
36-30 6
97%
14-5 9
97%
37+63 100
96%
9-5 4
96%
Aucun quiz correspondant
Distribution des résultats
% des personnes avec chaque résultat
Percentile par nombre de réponses
Votre historique - résultats
Vous n’avez pas pris ce quiz